Curso de lingüística general /

Curso de lingüística general, impartido por el suizo Ferdinand de Saussure (1857-1913) durante los años 1907-1911 en la Universidad de Ginebra, que supone el nacimiento de la lingüística contemporánea. Charles Bally y Albert Sechehaye, discípulos del suizo, tomaron las notas y apuntes de alumnos com...

Повний опис

Збережено в:
Бібліографічні деталі
Автор: Saussure, Ferdinand de (autor)
Інші автори: Bally, Charles (edición) (edición), Sechehaye, Albert (edición) (edición), Riedlinger, Albert (colaboración) (colaboración), Armiño, Mauro (traducción) (traducción)
Формат: Книга
Мова:Іспанська
Опубліковано: Madrid, España : Akal, 2000, c2000
Серія:(Akal Universitaria ; Letras) 1.
Предмети:
Теги: Додати тег
Немає тегів, Будьте першим, хто поставить тег для цього запису!

MARC

LEADER 00000nam^a2200000^a^4500
001 000146445
005 20250521000000.0
009 20260310095911.666
020 |a 84-7600-427-3 
037 |a Acervo ITESO - Biblioteca 
041 |a ESP 
082 |a 400.  |b SAU 
100 |a Saussure, Ferdinand de  |e (autor) 
240 1 1 |a [Curso de lingüística general] 
245 1 0 |a Curso de lingüística general /  |c F. de Saussure ; pref. y publicación por C. Bally, A. Sechehaye ; colaboración de A. Riedlinger ; notas y tr. por M. Armiño. 
264 4 |a Madrid, España :  |b Akal,  |c 2000, c2000 
300 |a 319 p. 
336 |a texto  |b txt  |2 rdacontenido 
337 |a sin mediación  |b n  |2 rdamedio 
338 |a volumen  |b nc  |2 rdasoporte 
440 1 |a (Akal Universitaria ;  |v 1.  |p Letras) 
500 |a Traducción de: Cours de linguistique générale 
520 |a Curso de lingüística general, impartido por el suizo Ferdinand de Saussure (1857-1913) durante los años 1907-1911 en la Universidad de Ginebra, que supone el nacimiento de la lingüística contemporánea. Charles Bally y Albert Sechehaye, discípulos del suizo, tomaron las notas y apuntes de alumnos como punto de partida y publicaron en 1916, con la colaboración de Albert Riedlinger, el curso. De Saussure define en esta obra conceptos clave por vez primera en la historia, a los que les adjudica una acepción determinada, avalada posteriormente por la lingüística: sincronía, diacronía, lengua, lenguaje, habla, signo, significado, significante, etcétera. Se trata de una obra con una influencia central en el desarrollo de las ciencias humanas, cuya importancia para la cultura del siglo XX ha sido comparada con la que tienen el pensamiento de Sigmund Freud y el de Karl Marx. 
649 |a XX 
650 |a Lingüística 
700 |a Bally, Charles  |e (edición) 
700 |a Sechehaye, Albert  |e (edición) 
700 |a Riedlinger, Albert  |e (colaboración) 
700 |a Armiño, Mauro  |e (traducción) 
910 |a Fondo General 
920 |a Impresos - Libros 
930 |a Colección General 
905 |a 101 
901 |a 0500075647  |b IT1  |c ACC  |u 20250521 
902 |a https://opac.biblio.iteso.mx/vufind/Record/000146445